000 00241 a2200097 4500
001 39025
100 _aShahian
245 _aComputer Aided Control System design Using Matrix
260 _aU S A
_bPrentice Hall
_c1992
090 _c24628
_d24628
942 _aNUST-CAE
_cM
_c16256
999 _c274098
_d274098